| 000 | 00850nam a2200205 i 4500 | ||
|---|---|---|---|
| 001 | 41661 | ||
| 003 | ES-MaACL | ||
| 005 | 20250811030340.0 | ||
| 007 | t| | ||
| 008 | 030311s1913 sp ||||1| spa d | ||
| 100 | 1 |
_aCasso y Fernández, Francisco de. _936370 |
|
| 245 | 1 | 0 |
_aPolítica legislativa del Código civil y necesidades históricas y actuales del imperialismo de Estado _b: discurso inaugural del curso de 1913 a 1914 leído en la Universidad de Santiago / _cFrancisco de Casso y Fernández. |
| 260 |
_aSantiago de Compostela : _b[s.n.], _c1913 ( _fTip. de "El Eco de Santiago",) |
||
| 610 | 1 | 4 |
_aEspaña. _tCódigo civil, 1889 _93628 |
| 650 |
_aCódigo civil- _zEspaña. _9135863 |
||
| 650 | 0 | 0 |
_aImperialismo. _913599 |
| 710 | 2 |
_aUniversidad de Santiago de Compostela. _97294 |
|
| 852 |
_aES-MaACL _jT-1353-F-9 |
||
| 999 |
_c41661 _d41661 |
||